00727nam a22002297a 4500003000500000005001700005008004100022010001000063011001000073035001000083040000900093082001300102100002000115245010800135260003600243300002000279490005800299650002100357650004000378700002100418830005800439CHAP20220329135843.0971013s1976 enka r 00010 eng d a43337 a44309 a48447 cCHAP04a632bF7500aFriend, J.eed.1 aBiochemical aspects of plant-parasite relationships; proceedings of the Phytochemical Society Symposium aLondon :bAcademic Press,c1976 a354 p.b: ilus. aAnnual proceedings of the Phytochemical Societyv; 1314aFitopatología.14aInteracción huésped-parásito.0 aThrelfall, D. R.0 aAnnual proceedings of the Phytochemical Societyv; 13